000 00881nam a2200181Ia 4500
008 090124s9999 xx 000 0 und d
082 _b32550
_a2301
100 _aटिकेकर अरुण
245 _a स्थल - काल (मुंबई इलाख्याच्या स्थानीय इतिहासाची सचित्र झलक)
250 _a1
260 _c2004
300 _a298
600 _aटिकेकर अरुण
630 _a स्थल - काल (मुंबई इलाख्याच्या स्थानीय इतिहासाची सचित्र झलक)
700 _aटिकेकर अरुण
730 _a स्थल - काल (मुंबई इलाख्याच्या स्थानीय इतिहासाची सचित्र झलक)
942 _cBOOK
999 _c146029
_d146029